01685nam a2200217 450000500170000000800410001702000180005804100120007608200160008810000270010424500880013126000230021930000080024236500190025044000310026952009680030065000150126894200070128399900190129095201580130920260210155510.0260130b |||||||| |||| 00| 0 eng d a9781782216551 aEnglish a746.44bPOP aPopova Tatiana9216552 aSeasons in Silk Ribbon Embroidery: 20 Beautiful Designs, Techniques and Inspiration bSearch Pressc2019 a208 b1465.56cRs.00 aThe Textile Artist9216631 aINTRODUCTION GETTING STARTED STITCHES FOR SILK RIBBON • Straight stitch group • Ribbon stitch group • Daisy stitch group • Knots • Ribbon gathering Traditional ribbonwork Thread embroidery New techniques PROJECTS • OWLETS • Spring Owlet • Summer Owlet • Autumn Owlet • Winter Owlet • SEASONAL FLOWERS • Lily of the Valley • Your Day • From Olga’s Garden • Meadow Posy • Autumn Basket • Sunny Road • Christmas Rose • February Cup • SEASONAL GIFTS • Easter Wreath • Mother’s Day • August Cup • Friendship Heart • Wedding Day • Housewarming Carp • Christmas Star • January Cup • DESIGNS TO TRANSFER • STITCH INDEX  aEmbroidery cBK c370252d370252 00102ddc4070aSOFTbSOFTd2026-01-28eDesign Book Studiog1465.56i283l0o746.44 POPpSOFT-BK-4910r2026-01-30 10:00:31t33%v2187.40w2025-12-12yBK